00346nam a2200109Ia 4500082001600000245001800016100004000034942000700074008004100081999001900122952009500141 aJ 745.5 WAL 0aYOUNG CRAFTS  a WALKER, S. London, 1976 943776 cBK210817s9999 xx 000 0 und d c147360d147359 00104070aFUNDLbFUNDLd2021-08-18g80.00l0p33228013447899r2021-08-18w2021-08-18yBK